LEADER 05126nam 22007815 450 001 9910669807003321 005 20250628110046.0 010 $a9789811979859 010 $a9811979855 024 7 $a10.1007/978-981-19-7985-9 035 $a(CKB)5670000000617001 035 $a(MiAaPQ)EBC7207081 035 $a(Au-PeEL)EBL7207081 035 $a(DE-He213)978-981-19-7985-9 035 $a(OCoLC)1371329721 035 $a(ODN)ODN0010071657 035 $a(oapen)doab98512 035 $a(EXLCZ)995670000000617001 100 $a20230223d2023 u| 0 101 0 $aeng 135 $aurcnu|||||||| 181 $ctxt$2rdacontent 182 $cc$2rdamedia 183 $acr$2rdacarrier 200 10$aLiving Well in a World Worth Living in for All $eVolume 1: Current Practices of Social Justice, Sustainability and Wellbeing /$fedited by Kristin Elaine Reimer, Mervi Kaukko, Sally Windsor, Kathleen Mahon, Stephen Kemmis 205 $a1st ed. 2023. 210 $d2023 210 1$aSingapore :$cSpringer Nature Singapore :$cImprint: Springer,$d2023. 215 $a1 online resource (250 pages) 311 08$a9789811979842 311 08$a9811979847 327 $aSearching for worlds worth living in -- Education for living well in a world worth living in -- Why listen? Student voice work defended: Students as ?expert witnesses? to their experiences in schools and other sites of learning -- The heart of the small rural village school: Roots and wings, solidarity and autonomy -- Leading for love, life, wisdom, and voice in Steiner schools: Constraints and conditions of possibility -- The sand through my fingers: Finding Aboriginal cultural voice, identity and agency on country -- Leading by listening: Why Aboriginal voices matter in creating a world worth living in -- Practices and experiences in educational researcher training: Reflections from research students exploring the theme, living well in a world worth living in, during the COVID-19 pandemic -- Partnering for Hope: Agentic narrative practices shaping a world worth living in -- Keeping each other safe: Young refugees? navigation towards a good life in Finland, Norway, and Scotland -- The kitchen is my favrote place in the house?: A world worth living in for children with feeding difficulties and their families -- Facing the climate crisis, acting together: Young climate activists on building sustainable future -- Finding worlds worth living in. 330 $aThis open access book is the first of a two-volume series focusing on how people are being enabled or constrained to live well in today?s world, and how to bring into reality a world worth living in for all. The chapters offer unique narratives drawing on the perspectives of diverse groups such as: asylum-seeking and refugee youth in Australia, Finland, Norway and Scotland; young climate activists in Finland; Australian Aboriginal students, parents and community members; families of children who tube feed in Australia; and international research students in Sweden. The chapters reveal not just that different groups have different ideas about a world worth living in, but also show that, through their collaborative research initiative, the authors and their research participants were bringing worlds like these into being. The volume extends an invitation to readers and researchers in education and the social sciences to consider ways to foster education that realises transformed selves and transformed worlds: the good for each person, the good for humankind, and the good for the community of life on the planet. The book also includes theoretical chapters providing the background and rationale behind the notion of education as initiating people into ?living well in a world worth living in'. An introductory chapter discusses the origins of the concept and the phrase. 606 $aEducational sociology 606 $aEducation and state 606 $aEducation$xPhilosophy 606 $aSociology of Education 606 $aEducational Policy and Politics 606 $aEducational Philosophy 606 $aEducació$2thub 606 $aCondicions socials$2thub 606 $aJustícia social$2thub 606 $aBenestar$2thub 608 $aLlibres electrònics$2thub 615 0$aEducational sociology. 615 0$aEducation and state. 615 0$aEducation$xPhilosophy. 615 14$aSociology of Education. 615 24$aEducational Policy and Politics. 615 24$aEducational Philosophy. 615 7$aEducació. 615 7$aCondicions socials 615 7$aJustícia social 615 7$aBenestar 676 $a306.43 686 $aEDU034000$aEDU040000$2bisacsh 700 $aReimer$b Kristin Elaine$01337998 701 $aKaukko$b Mervi$01337999 701 $aWindsor$b Sally$01338000 701 $aMahon$b Kathleen$01338001 701 $aKemmis$b Stephen$0888041 801 0$bMiAaPQ 801 1$bMiAaPQ 801 2$bMiAaPQ 906 $aBOOK 912 $a9910669807003321 996 $aLiving Well in a World Worth Living in for All$93057703 997 $aUNINA LEADER 05420nam 22006015 450 001 9910897975403321 005 20250807133218.0 010 $a9783031679698 010 $a3031679695 024 7 $a10.1007/978-3-031-67969-8 035 $a(MiAaPQ)EBC31733245 035 $a(Au-PeEL)EBL31733245 035 $a(CKB)36381632200041 035 $a(MiAaPQ)EBC31747765 035 $a(Au-PeEL)EBL31747765 035 $a(DE-He213)978-3-031-67969-8 035 $a(EXLCZ)9936381632200041 100 $a20241019d2024 u| 0 101 0 $aeng 135 $aurcnu|||||||| 181 $ctxt$2rdacontent 182 $cc$2rdamedia 183 $acr$2rdacarrier 200 10$aAdapting the EU Civil Liability Regime to the Digital Age: Artificial Intelligence, Robotics, and Other Emerging Technologies /$fby Nikos Th. Nikolinakos 205 $a1st ed. 2024. 210 1$aCham :$cSpringer International Publishing :$cImprint: Springer,$d2024. 215 $a1 online resource (643 pages) 225 1 $aLaw, Governance and Technology Series,$x2352-1910 ;$v68 311 08$a9783031679681 311 08$a3031679687 320 $aIncludes bibliographical references. 327 $aPart 1 -- Introduction ? Structure of this book -- Major EU policy developments on liability for artificial intelligence, robotics, and emerging digital technologies ? 2015 to 2018 -- Part 2 -- The European commission?s initial assessment of the Liability frameworks for emerging digital technologies -- Assessing the most important safety and liability aspects of Artificial Intelligence, Internet of things and Robotics ? 2019 and 2020 -- The European Parliament?s 2020 legislative Proposal for a Regulation on a civil liability regime for artificial intelligence -- Part 3 -- Adapting EU liability rules to the digital age and artificial intelligence ? The European Commission?s 2021 Inception Impact Assessment -- Adapting EU liability rules to the digital age and artificial intelligence ? The 2021-2022 public consultation -- Reforming the EU civil liability framework applicable to artificial intelligence and other emerging digital technologies ? The proposed AI Liability Directive -- Reforming the EU civil liability framework applicable to artificial intelligence and other emerging digital technologies ? defective products ? The revised Product Liability Directive -- Conclusions. 330 $aThis book highlights the challenges that artificial intelligence (AI), robotics, the Internet of Things (IoT), and other emerging digital technologies pose to existing EU and national liability legislation, while also tracing the evolution of the relevant EU policy and legal framework. Recognising that Member States? current national fault-based liability rules are ill-suited to handle compensation claims for AI-related harm, the book emphasises the difficulty victims face in proving fault and causation due to AI?s unique characteristics, such as autonomy and opacity (?black box? effect). Similarly, the current Product Liability Directive (PLD) has several shortcomings: certain products, economic actors, and types of damage in the digital and circular economy are not covered under strict liability; proving defectiveness and establishing a causal link with damage, especially for complex products, is often challenging; in addition, liability claims are subject to restrictive limits and thresholds. The book discusses in detail the European Commission?s proposal for a Directive on harmonising civil liability rules for damage caused by AI systems (the ?proposed AI Liability Directive?). It also offers a thorough analysis of the European Commission?s proposal for a revised Product Liability Directive, compares it with the positions of the Council of the EU and the European Parliament, and discusses the final text approved by the Plenary of the European Parliament in March 2024. The book incorporates comments from various parties, offering insights into the approaches of EU institutions and the conflicting interests among stakeholders. Presenting carefully grounded arguments, this volume serves as a valuable resource for understanding the interplay between policy and law within the new EU liability framework for AI and other innovative products. This forthcoming EU regime represents a significant shift in the liability landscape, potentially heightening litigation risks. Its success will depend on achieving the EU?s overarching objective: ensuring fair compensation while fostering technological innovation. 410 0$aLaw, Governance and Technology Series,$x2352-1910 ;$v68 606 $aInformation technology$xLaw and legislation 606 $aMass media$xLaw and legislation 606 $aArtificial intelligence 606 $aIT Law, Media Law, Intellectual Property 606 $aArtificial Intelligence 615 0$aInformation technology$xLaw and legislation. 615 0$aMass media$xLaw and legislation. 615 0$aArtificial intelligence. 615 14$aIT Law, Media Law, Intellectual Property. 615 24$aArtificial Intelligence. 676 $a338.064 700 $aNikolinakos$b Nikos Th.$00 801 0$bMiAaPQ 801 1$bMiAaPQ 801 2$bMiAaPQ 906 $aBOOK 912 $a9910897975403321 996 $aAdapting the EU Civil Liability Regime to the Digital Age$94211172 997 $aUNINA